Statistics for Five Biggest Countries within Main Circles of Latitude, with a Map

Click here to take the quiz!

General Stats

  • This quiz has been taken 157 times
  • The average score is 15 of 19

Answer Stats

COUNTRY % Correct
Bolivia
89%
Mongolia
84%
Kazakhstan
83%
Nigeria
83%
Angola
82%
Peru
80%
Zambia
80%
Iran
80%
Ethiopia
80%
Turkey
80%
Tanzania
79%
New Zealand
79%
CAR
77%
Sudan
75%
Uruguay
74%
Pakistan
74%
Venezuela
74%
Lesotho
62%
Swaziland
59%

Score Distribution

Percentile by Number Answered

Percent of People with Each Score

Your Score History

You have not taken this quiz